| 000 | 00529nam a22001697a 4500 | ||
|---|---|---|---|
| 999 |
_c61474 _d61474 |
||
| 005 | 20240318162003.0 | ||
| 008 | 240318s1976 ru ||||| |||| 00| 0 rus d | ||
| 041 | _arus | ||
| 080 | _a94 : 39(4) П-37 | ||
| 100 |
_aПлетнева, С. А. _921454 |
||
| 245 |
_aХазары / _cС. А. Плетнёва. |
||
| 264 |
_aМ.: _bНаука, _c1976. |
||
| 300 |
_a 96 с. : _bил.; _c20 см. |
||
| 653 | _aხაზარები | ||
| 653 | _aაღმოსავლეთ ევროპა | ||
| 942 |
_2udc _cᲬᲘᲒᲜᲘ |
||